书目信息 |
| 题名: |
建筑工程施工组织与项目管理
|
|
| 作者: | 王辉 , 魏国安 , 姚玉娟 主编 | |
| 分册: | ||
| 出版信息: | 北京 中国建筑工业出版社 2021.01 |
|
| 页数: | 283页 | |
| 开本: | 26cm | |
| 丛书名: | 高职高专系列教材 | |
| 单 册: | ||
| 中图分类: | TU721 , TU712.1 | |
| 科图分类: | ||
| 主题词: | 建筑工程--jian zhu gong cheng--施工组织--高等职业教育--教材 , 建筑工程--jian zhu gong cheng--项目管理--高等职业教育--教材 | |
| 电子资源: | ||
| ISBN: | 978-7-112-25712-6 | |
| 000 | 01598nam 2200337 450 | |
| 001 | 202021044855 | |
| 005 | 20211025120153.0 | |
| 010 | @a978-7-112-25712-6@dCNY49.00 | |
| 100 | @a20211006d2021 em y0chiy50 ea | |
| 101 | 0 | @achi |
| 102 | @aCN@b110000 | |
| 105 | @aa a 000yy | |
| 106 | @ar | |
| 200 | 1 | @a建筑工程施工组织与项目管理@Ajian zhu gong cheng shi gong zu zhi yu xiang mu guan li@d= Construction organization and project management of architectural engineering@f王辉, 魏国安, 姚玉娟主编@zeng |
| 210 | @a北京@c中国建筑工业出版社@d2021.01 | |
| 215 | @a283页@c图@d26cm | |
| 225 | 2 | @a高职高专系列教材@Agao zhi gao zhuan xi lie jiao cai |
| 320 | @a有书目 | |
| 330 | @a本书以最新的标准规范为依据, 结合施工管理中新的信息化技术, 在各章节内容中穿插BIM等信息化技术在建筑工程施工项目管理中的应用 ; 同时为增加学生的直观性, 通过建筑云课堂增加虚拟现实仿真模型和微课教学, 学生还可以进行扫码学习本教材的拓展知识 ; 教材内容是以施工项目管理程序的时间, 以施工现场平面、空间, 以施工管理过程中多项目标为不同维度建立起多维度全方位的立体化知识体系。 | |
| 410 | 0 | @12001 @a高职高专系列教材 |
| 510 | 1 | @aConstruction organization and project management of architectural engineering@zeng |
| 606 | 0 | @a建筑工程@Ajian zhu gong cheng@x施工组织@x高等职业教育@j教材 |
| 606 | 0 | @a建筑工程@Ajian zhu gong cheng@x项目管理@x高等职业教育@j教材 |
| 690 | @aTU721@v5 | |
| 690 | @aTU712.1@v5 | |
| 701 | 0 | @a王辉@Awang hui@4主编 |
| 701 | 0 | @a魏国安@Awei guo an@4主编 |
| 701 | 0 | @a姚玉娟@Ayao yu juan@4主编 |
| 801 | 0 | @aCN@c20210909 |
| 803 | @a高职 | |
| 905 | @a河南城建学院图书馆@dTU721@eW213 | |
| 建筑工程施工组织与项目管理= Construction organization and project management of architectural engineering/王辉, 魏国安, 姚玉娟主编.-北京:中国建筑工业出版社,2021.01 |
| 283页:图;26cm.-(高职高专系列教材) |
| ISBN 978-7-112-25712-6:CNY49.00 |
| 本书以最新的标准规范为依据, 结合施工管理中新的信息化技术, 在各章节内容中穿插BIM等信息化技术在建筑工程施工项目管理中的应用 ; 同时为增加学生的直观性, 通过建筑云课堂增加虚拟现实仿真模型和微课教学, 学生还可以进行扫码学习本教材的拓展知识 ; 教材内容是以施工项目管理程序的时间, 以施工现场平面、空间, 以施工管理过程中多项目标为不同维度建立起多维度全方位的立体化知识体系。 |
| ● |
| 相关链接 |
|
|
|
正题名:建筑工程施工组织与项目管理
索取号:TU721/W213
 
预约/预借
| 序号 | 登录号 | 条形码 | 馆藏地/架位号 | 状态 | 备注 |
| 1 | 1544444 | 215444446 | 建筑库201/201建筑库 28排3列1层/ [索取号:TU721/W213] | 在馆 | |
| 2 | 1544445 | 215444455 | 建筑库201/201建筑库 28排3列1层/ [索取号:TU721/W213] | 在馆 |